banner koha

Report on Notifiable Animal Diseases (Registro n. 4235)

MARC details
000 -LÍDER
campo de controle de tamanho fixo 00968aas a2200241 4500
003 - IDENTIFICADOR DO NÚMERO DE CONTROLE
campo de controle BR-BrBNA
005 - DATA E HORÁRIO DA ÚLTIMA TRANSAÇÃO
campo de controle 20230317234046.0
007 - CAMPO FIXO DE DESCRIÇÃO FÍSICA--INFORMAÇÃO GERAL
campo de controle de tamanho fixo ta
008 - CAMPO DE DADOS FIXOS--INFORMAÇÃO GERAL
campo de controle de tamanho fixo 230119b bl ||||| |||| 00| 0 por d
035 ## - NÚMERO DE CONTROLE DO SISTEMA
Número de Controle do Sistema 000485-5
040 ## - FONTE DA CATALOGAÇÃO
Instituição da catalogação original BR-BrBNA
Idioma da catalogação GerEng
Instituição que transcreveu o registro BR-BrBNA
042 ## - CÓDIGO DE AUTENTICAÇÃO
Authentication code N
044 ## - CÓDIGO DO PAÍS DA EMPRESA DE PUBLICAÇÃO/PRODUÇÃO
Código MARC - País bl
245 ## - TÍTULO
Título Report on Notifiable Animal Diseases
Restante do título Alemanha
Indicação de responsabilidade, etc. Federal Republic of Germany
260 ## - PUBLICAÇÃO, DISTRIBUIÇÃO, ETC.
Local de publicação, distribuição, etc. Bonn, Alemanha, DE
Nome do editor, distribuidor, etc. Federal Republic of Germany
Data da publicação, distribuição, etc. 2002
Local da manufatura DE
270 ## - ENDEREÇO
Endereço Herausgeber: Bundesministerium fur Verbraucherschutz, Ernahrung und Landwirtschaft. 53123 Bonn, Fernruf: 02 28 / 529-3626
310 ## - FREQUÊNCIA ATUAL DA PUBLICAÇÃO
Frequência atual de publicação mensal
500 ## - NOTA GERAL
Nota geral Este periodico e encaminhado regurlamente pelo Departamento de Defesa Animal - Coordenacao de Vigilancia e programa Sanitario (Mara ramal: 2236)e arquivado na Sala 148B - Servico de Documentacao Internacional
505 ## - NOTA DE CONTEÚDO FORMATADO
Nota de conteúdo formatado 2002 (jun,ago-dez); 2003 (jan-aug);
650 12 - ASSUNTO--TERMO TÓPICO
Miscelânea DEFESA ANIMAL; PECUARIA
909 ## -
-- 56
-- Sergio Santos
-- 56
-- Sergio Santos
942 ## - ELEMENTOS DE ENTRADA ADICIONADOS (KOHA)
Tipo de material Koha Periódicos
Fonte da classificação ou esquema de arquivamento na estante Classificação AGRIS
Exemplares
Situação do descarte Fonte da classificação ou esquema de arquivamento na estante Situação física Não pode ser emprestado Coleção Biblioteca de origem Biblioteca atual Enumeração do periódico / cronologia Total de empréstimos Código de barras Data de último acesso Tipo de material Koha Situação das perdas
  Classificação AGRIS   Consulta local Periódicos agrícolas Biblioteca Nacional de Agricultura - Binagri Biblioteca Nacional de Agricultura - Binagri 2002 (jun,ago-dez)   2023-36601 01/03/2023 Periódicos  
  Classificação AGRIS   Consulta local Periódicos agrícolas Biblioteca Nacional de Agricultura - Binagri Biblioteca Nacional de Agricultura - Binagri 2003 (jan-aug)   2023-36602 01/03/2023 Periódicos  

BINAGRI

Telefone: (61)3218-2567/2388/3357/2097 - binagri@agro.gov.br

Ministério da Agricultura e Pecuária , Esplanada dos Ministérios, Bloco D, Anexo B, Brasília/DF, CEP: 70.043-900